000 00421nam a2200133Ia 4500
008 151001s9999||||xx |||||||||||||| ||und||
100 _aइझाडोर डंकन
245 _aमी इझाडोरा
250 _a1
260 _bमहाराष्ट्र राज्य साहित्य संस्कुती मंडळ मुंबई
260 _c1975
300 _a431
365 _b22
999 _c959529
_d959526